=LDR 00000nam 2200000 4500 =001 000714 =005 20250711032350 =035 ##$$a 0010-0725000582 =007 ta =008 250711################a##########0#ind## =082 ##$$a 398.209 598 =084 ##$$a 398.209 598 SIE k =100 #$$a Siege Nasrin =245 1#$$a Kemari, Temani Aku! /$c Nasrin Siege =250 ##$$a Cetakan Pertama 2024 =260 ##$$a Jakarta :$b Badan Pengembangan dan Pembinaan Bahasa,$c 2022 =300 ##$$a 32 hlm : $b Ilus. ; $c 22,9 cm =650 #4$$a Cerita Anak Indonesia - Terjemahan =650 #4$$a Literasi- Bahan Bacaan =990 ##$$a TBM04880488 =990 ##$$a TBM04890489